Normal view
MARC view
- التعليم - البلاد العربية - الاسلام والتعليم - الاسلام والاصلاح التعليمي
Entry Topical Term
001 - CONTROL NUMBER
- control field: 52114
003 - CONTROL NUMBER IDENTIFIER
- control field: JO-AjAnu
005 - DATE AND TIME OF LATEST TRANSACTION
- control field: 20230606082553.0
008 - FIXED-LENGTH DATA ELEMENTS
- fixed length control field: 230606|| aca||aabn | a|a d
040 ## - CATALOGING SOURCE
- Original cataloging agency: JO-AjAnu
- Transcribing agency: JO-AjAnu
150 ## - HEADING--TOPICAL TERM
- Topical term or geographic name entry element: التعليم - البلاد العربية - الاسلام والتعليم - الاسلام والاصلاح التعليمي
670 ## - SOURCE DATA FOUND
- Source citation: Work cat.: (JO-AjAnu)26633: فرحان، أسحاق أحمد, author 52113, أزمة التربية في الوطن العربي